Le joueur allemand le mieux classé par édition du Ballon d'Or - Statistiques

Statistiques générales
  • Ce quiz a été pris 119 fois
  • Le résultat moyen est 34 sur 63
Statistiques - réponses
Années Classement Postes Joueurs % Correct
1973 3 A Gerd Muller
99%
1970 1 A Gerd Muller
99%
1969 3 A Gerd Muller
99%
1978 27 M Hansi Muller
99%
2015 6 M/A Thomas Muller
99%
2014 5 M/A Thomas Muller
99%
2012 19 G Manuel Neuer
98%
2019 24 G Marc-André Ter Stegen
84%
1976 1 D Franz Beckenbauer
83%
1975 2 D Franz Beckenbauer
83%
1974 2 D Franz Beckenbauer
83%
1972 1 D Franz Beckenbauer
83%
1968 4 D Franz Beckenbauer
83%
1967 4 D Franz Beckenbauer
83%
1966 3 D Franz Beckenbauer
83%
2022 25 M/D Joshua Kimmich
83%
2002 3 G Oliver Kahn
82%
2001 3 G Oliver Kahn
82%
2000 25 G Oliver Kahn
82%
2024 9 M Toni Kroos
78%
2017 17 M Toni Kroos
78%
2016 17 M Toni Kroos
78%
2025 29 M/A Florian Wirtz
76%
2006 7 A Miroslav Klose
76%
2013 14 D/M Philipp Lahm
75%
1999 10 M/A Lothar Matthaus
69%
1991 4 M/D Lothar Matthaus
69%
1990 1 M/D Lothar Matthaus
69%
1989 4 M/D Lothar Matthaus
69%
1988 6 M/D Lothar Matthaus
69%
2008 19 M Michael Ballack
68%
2005 14 M Michael Ballack
68%
2003 20 M Michael Ballack
68%
2011 11 M/A Mesut Özil
66%
2010 13 M/A Mesut Özil
66%
1982 4 A Karl-Heinz Rummenigge
63%
1981 1 A Karl-Heinz Rummenigge
63%
1980 1 A Karl-Heinz Rummenigge
63%
1979 2 A Karl-Heinz Rummenigge
63%
2023 14 M Ilkay Gundogan
51%
1996 1 M/D Matthias Sammer
49%
1995 2 A Jurgen Klinsmann
33%
1994 6 A Jurgen Klinsmann
33%
1986 20 G Harald Schumacher
26%
1984 7 G Harald Schumacher
26%
1998 18 A Oliver Bierhoff
20%
1997 6 M/A Andreas Moller
7%
1993 11 M/A Andreas Moller
7%
1985 3 M/A Bernd Schuster
7%
1983 5 A Felix Magath
5%
1987 10 A Klaus Allofs
5%
1961 7 A Uwe Seeler
5%
1960 3 A Uwe Seeler
5%
1959 9 A Helmut Rahn
4%
1958 2 A Helmut Rahn
4%
1971 4 M/A Gunter Netzer
3%
1965 12 D Karl-Heinz Schnellinger
3%
1964 11 D Karl-Heinz Schnellinger
3%
1963 6 D Karl-Heinz Schnellinger
3%
1962 3 D Karl-Heinz Schnellinger
3%
1992 4 M/A Thomas Hassler
3%
1977 6 A Klaus Fischer
2%
1957 21 M Horst Szymaniak
0%
Aucun quiz correspondant
Distribution des résultats
% des personnes avec chaque résultat
Percentile par nombre de réponses
Votre historique - résultats
Vous n’avez pas pris ce quiz